1071 1037 1563 1211 1016 1014 1166 1479 1691 1682 1704 1303 1726 1305 1641 1297 1933 1043 1096 1827 1979 1535 1537 1939 1988 1291 1734 1031 1111 1215 1452 1464 1848 1881 1762 1056 1547 1886 1605 1312 1444 1284 1197 1638 1653 1060 1366 1489 1031 1156 1076 1535 1804 1708 1244 1000 1623 1867 1601 1129 1358 1358 1715 1937 1216 1541 1307 1916 1496 1519 1643 1429 1806 1086 1801 1660 1406 1883 1864 1868 1913 1372 1484 1330 1911 1720 1370 1820 1444 1581 1121 1403 1257 1648 1104 1201 1925 1237 1862 BCNSPRNW ULIB Ver.6.0+V

เปลี่ยนเป็นภาษาไทย

Change to English
 แสดงรายละเอียดบรรณานุกรม
  กลับหน้าหลัก

Brief Record : Get Marc (ISO 2709) : E-mail record : QR code < ปิดหน้าต่าง
LEADER : 00000nam 2200000uu 4500
001    13399126172
003     ULIB
008    020711s2560 th a 000 0 tha d
060    วจ^aWY160^bอ792ก
100    ^aอุดมรัตน์ ศรีเกตุ
245    ^aการเยี่ยมบ้านผู้ป่วยจิตเภทหลังจำหน่ายด้วยการทำจิตบำบัดแบบประคับประคองรายบุคคลของโรงพยาบาลจิตเวชนครสวรรค์ราชนครินทร์
260    ^aนครสวรรค์ :^bโรงพยาบาลจิตเวชนครสวรรค์ราชนครินทร์,^c2560.
300    ^a69 หน้า;^b30 ซม.
650    ^aผู้ป่วยจิตเภท
710    ^aโรงพยาบาลจิตเวชนครสวรรค์ราชนครินทร์
945    ^p0^l0^i004285
999    ^aประนอม เกษจรัล
รายการนี้ยังไม่มีแท็ก
คุณยังไม่ได้ล็อกอิน คุณสามารถมีกิจกรรมร่วมกับเว็บไซต์ได้ แต่ต้องล็อกอินก่อน ::
  ล็อกอิน

รายการสื่อสารสนเทศ

ลำดับที่ ประเภท เลขเรียก/บาร์โค้ด สถานที่ สถานะ
1. งานวิจัย
งานวิจัย
วจ WY160 อ792ก ฉ.1 
  Barcode: 004285
ห้องสมุดวิทยาเขตสวรรค์ประชารักษ์
►หนังสือทั่วไป
บนชั้น

รายการใกล้เคียง
    หัวเรื่อง [ผู้ป่วยจิตเภท]

BibComment


ยังไม่เคยถูกคอมเมนท์

คอมเมนท์ทรัพยากรรายการนี้
  คอมเมนท์: การเยี่ยมบ้านผู้..


 Copyright 2026. Bcnsprnw @Library